Normal view
MARC view
- Hagglund, Martin
Entry Personal Name
001 - CONTROL NUMBER
- control field: 26232
003 - CONTROL NUMBER IDENTIFIER
- control field: IN-BhIIT
005 - DATE AND TIME OF LATEST TRANSACTION
- control field: 20250806163813.0
008 - FIXED-LENGTH DATA ELEMENTS
- fixed length control field: 250806|| aca||aabn | a|a d
040 ## - CATALOGING SOURCE
- Original cataloging agency: IN-BhIIT
- Transcribing agency: IN-BhIIT
100 ## - HEADING--PERSONAL NAME
- Personal name: Hagglund, Martin
670 ## - SOURCE DATA FOUND
- Source citation: Work cat.: (IN-BhIIT)14755: Hagglund, Martin. Author, Radical atheism :, 2008.